| 000 | 01216nam a2200289 i 4500 | ||
|---|---|---|---|
| 001 | 187268 | ||
| 003 | SpMaBN | ||
| 005 | 20250629063155.0 | ||
| 008 | 170522s1981 ck c |||| |dspa d | ||
| 080 | _a821.134.2(861)-14.09"18" | ||
| 100 | 1 |
_aVega, Fernando de la. _9113544 _eaut |
|
| 245 | 1 | 0 |
_aEvolución de la lírica en Colombia en el siglo XIX / _cFernando de la Vega ; edición, preámbulo y notas de Guillermo Hernández Peñalosa ; prólogo de Nicolás del Castillo Mathieu. |
| 260 |
_aBogotá : _bInstituto Caro y Cuervo, _c1981. |
||
| 300 |
_aXXXI, 172 páginas : _b1 retrato autor ; _c20 cm. |
||
| 490 | 1 |
_aLa granada entreabierta ; _v29 |
|
| 500 | _aÍndice onomástico | ||
| 650 | 7 |
_aPoesía colombiana- _yS.XIX- _xHistoria y crítica. _9162765 |
|
| 700 | 1 |
_aHernández Peñalosa, Guillermo. _9162757 _epbl |
|
| 700 | 1 |
_aCastillo Mathieu, Nicolas del. _936752 _eaui |
|
| 710 | 2 |
_aInstituto Caro y Cuervo. _94806 _eedt |
|
| 740 | 3 | 2 | _aLa lírica en Colombia en el siglo XIX |
| 830 | 0 |
_aLa granada entreabierta ; _v29 _9192760 |
|
| 852 |
_aES-MaACL _cDEPO2 _hDonativo José Prat _jL-31618 |
||
| 942 |
_2udc _cMONOGRAFIA _n0 |
||
| 999 |
_c187268 _d187268 |
||